| 000 | 00611nam a2200217Ia 4500 | ||
|---|---|---|---|
| 005 | 20250718145510.0 | ||
| 008 | 008 250715s9999 xx 000 0 eng d | ||
| 020 | _a978-0-19-888561-0 (Hbk) | ||
| 037 | _aTextual | ||
| 040 |
_aFLL _cFLL |
||
| 041 |
_aeng _2eng |
||
| 084 |
_aD65,8(B):(Z), R3 _qFLL |
||
| 100 |
_aMAJCHER Klaudia _9816035 |
||
| 245 | 0 | _aCoherence between data protection and competition law in digital markets | |
| 250 | _a1st | ||
| 260 |
_bOxford Oxford University Press U.K _c2023 |
||
| 300 | _axxiii,310 ill | ||
| 365 | _b9801 | ||
| 942 | _cTEXL | ||
| 999 |
_c1433933 _d1433933 |
||